Structures of the education and initial training systems in the European Union
Saved in:
| Corporate Authors: | , , |
|---|---|
| Format: | Book |
| Language: | English |
| Published: |
Luxembourg :
Office for Official Publications of the European Communities,
1995
|
| Edition: | 2nd ed. |
| Subjects: | |
| Tags: |
Add Tag
No Tags, Be the first to tag this record!
|
MARC
| LEADER | 00000cam a2200000 i 4500 | ||
|---|---|---|---|
| 001 | 1/9839 | ||
| 008 | 000825s1995 i eng d | ||
| 020 | |a 92-826-9319-8 | ||
| 035 | |l 10063213 | ||
| 040 | |a GR-MY-UA |b gre |e aacr | ||
| 041 | 0 | |a eng | |
| 082 | 0 | |a 374.013 | |
| 110 | 2 | |a EURYDICE (Organization) | |
| 245 | 1 | 0 | |a Structures of the education and initial training systems in the European Union / |c EURYDICE and CEDEFOP, European Centre for the Development of Vocational Training |
| 246 | 3 | 3 | |a Education and initial training systems |
| 250 | |a 2nd ed. | ||
| 260 | |a Luxembourg : |b Office for Official Publications of the European Communities, |c 1995 | ||
| 300 | |a 458 σ.; |c 29 εκ. | ||
| 500 | |a At foot of title: European Commission | ||
| 650 | 0 | 0 | |a Vocational education |z European Union countries. |
| 650 | 0 | 0 | |a Occupational training |z European Union countries. |
| 650 | 0 | 0 | |a Education and state |z European Union countries. |
| 650 | 0 | 0 | |a Vocational education |z European Union countries |x Administration. |
| 650 | 0 | 0 | |a Occupational training |z European Union countries |x Administratnon. |
| 650 | 0 | 0 | |a Education |z European Union countries. |
| 710 | 2 | |a European Centre for the Development of Vocational Training. | |
| 710 | 2 | |a European Commission. | |
| 852 | |a INST |b LESVOS |e 20000825 |h 374.013 EUR |p 005100029521 |q 005100029521 |t BK |y 0 | ||
| 901 | |a BIBL1-2000-2 | ||
| 970 | |z 2000/08/ELIDOC | ||